Zapiski mechtatelei. : Notes of Dreamers I-VI (1919-1922) /

Bibliographic Details
Format: Book
Language:Russian
Published: Letchworth : Bradda, 1971.
Series:Rarity reprint ; no. 22.
Subjects:

MARC

Tag First Indicator Second Indicator Subfields
LEADER 00000cam a2200000 4500
001 in00000042824
005 20151007064858.0
008 770112s1971 xx a 00000 rusx
010 |a  73867988  
035 |a (OCoLC)02674902 
035 |9 AAE0813AM 
037 |c L9.75 
040 |a DLC  |c PAU  |d PAU  |d TXA  |d UtOrBLW 
049 |a TXAM  |c [1413215] 
050 0 |a PG3277  |b .Z33 
245 0 0 |a Zapiski mechtatelei. :  |b Notes of Dreamers I-VI (1919-1922) /  |c introduction by J. D. Elsworth. 
264 1 |a Letchworth :  |b Bradda,  |c 1971. 
300 |a 821 unnumbered pages :  |b illustrations ;  |c 27 cm. 
336 |a text  |b txt  |2 rdacontent 
337 |a unmediated  |b n  |2 rdamedia 
338 |a volume  |b nc  |2 rdacarrier 
490 1 |a Rarity reprint ;  |v no. 22 
500 |a Facsimile reprint of volumes 1-6, St. Petersburg: Alkonost, 1919-1922. 
500 |a In Cyrillic characters;introduction in English. 
650 0 |a Russian literature  |y 20th century  |v Periodicals. 
740 0 |a Notes of Dreamers. 
830 0 |a Rarity reprint ;  |v no. 22. 
999 |a MARS 
999 f f |s 47b4c1c4-0d08-341b-8243-7c490ac901f5  |i b5fe7bcd-66b9-3a84-8226-59583e7f1fdc  |t 0 
952 f f |p normal  |a Texas A&M University  |b College Station  |c Sterling C. Evans Library  |d Evans: Library Stacks  |t 0  |e PG3277 .Z33  |h Library of Congress classification  |i unmediated -- volume  |m A14808822209 
998 f f |a PG3277 .Z33  |t 0  |l Evans: Library Stacks